[Event "Elekes mem GM 26th"]
[Site "Budapest"]
[Date "2001.05.21"]
[Round "1"]
[White "Horvath, Jozsef"]
[Black "Hoang Thanh Trang"]
[Result "1-0"]
[WhiteElo "2551"]
[BlackElo "2465"]
[PlyCount "139"]
[EventDate "2001.05.21"]
[Source "ChessBase"]
[SourceDate "2001.07.03"]

1. e4 e6 2. c4 d5 3. cxd5 exd5 4. exd5 Nf6 5. Bc4 Be7 6. Nc3 O-O 7. Nf3 Bg4 8. h3 Bh5 9. O-O Nbd7 10. Re1 a6 11. d4 Nb6 12. Bb3 Re8 13. Bg5 Qd7 14. Re5 h6 15. Bxf6 Bxf3 16. Qxf3 Bxf6 17. Rxe8+ Rxe8 18. Ne4 Bxd4 19. Rd1 Be5 20. Nc5 Qe7 21. Nxb7 Nc8 22. Ba4 Rf8 23. Qe2 Bh2+ 24. Kf1 Qb4 25. Bc6 Nd6 26. a3 Qb6 27. Nxd6 Bxd6 28. Rd3 a5 29. Ba4 Qc5 30. g3 Rb8 31. Kg2 Qc4 32. Be8 f5 33. Qe6+ Kh8 34. Rf3 Qe4 35. Bg6 Qxe6 36. dxe6 f4 37. gxf4 Kg8 38. b3 Kf8 39. a4 Ke7 40. Bf7 Rb4 41. f5 Rf4 42. Rg3 Rxf5 43. Rxg7 Rg5+ 44. Rxg5 hxg5 45. Kf3 Kf6 46. Ke4 Bh2 47. Kd5 Bd6 48. Bh5 Bb4 49. Bg4 Bd6 50. Kc6 Ke7 51. Bf5 Kd8 52. Be4 Ke7 53. Bd5 Kd8 54. f4 gxf4 55. h4 Ke7 56. h5 f3 57. h6 f2 58. Bc4 Be5 59. h7 Bd4 60. Kxc7 f1=Q 61. Bxf1 Kxe6 62. Kc6 Kf7 63. Kd5 Bc3 64. b4 Kg7 65. b5 Kxh7 66. b6 Be1 67. b7 Bg3 68. Kc6 Kg7 69. Kd7 Kf6 70. Kc8 1-0

[Event "Budapest FS06 GM"]
[Site "Budapest"]
[Date "1994.??.??"]
[Round "9"]
[White "Howell, James C"]
[Black "Farago, Ivan"]
[Result "1/2-1/2"]
[WhiteElo "2495"]
[BlackElo "2515"]
[PlyCount "71"]
[EventDate "1994.06.??"]
[Source "ChessBase"]

1. e4 e6 2. c4 d5 3. cxd5 exd5 4. exd5 Nf6 5. Bb5+ Nbd7 6. Nc3 Be7 7. d4 O-O 8. Nf3 Nb6 9. O-O a6 10. Bd3 Bg4 11. Re1 Nfxd5 12. Be4 c6 13. h3 Be6 14. a3 Bf6 15. Bc2 Re8 16. Ne5 g6 17. Bh6 Bg5 18. Bxg5 Qxg5 19. Ne4 Qh4 20. Nc5 Re7 21. Re4 Qf6 22. Bb3 Rae8 23. Qd2 Bf5 24. Re2 Qd6 25. Rae1 Kg7 26. a4 f6 27. Nc4 Nxc4 28. Bxc4 Rxe2 29. Rxe2 Rxe2 30. Qxe2 Nf4 31. Qe3 b5 32. Bf1 bxa4 33. Bxa6 Nd5 34. Qd2 Nc7 35. Qb4 Nb5 36. Qxa4 1/2-1/2

[Event "CRO Cup"]
[Site "Pula"]
[Date "2002.05.09"]
[Round "3"]
[White "Varga, Zoltan"]
[Black "Kovacevic, Vlatko"]
[Result "1/2-1/2"]
[WhiteElo "2495"]
[BlackElo "2510"]
[PlyCount "23"]
[EventDate "2002.05.07"]
[Source "ChessBase"]
[SourceDate "2002.07.08"]

1. e4 e6 2. c4 d5 3. cxd5 exd5 4. exd5 Nf6 5. Bb5+ Nbd7 6. Nc3 Be7 7. Nf3 O-O 8. O-O Nb6 9. d4 Nfxd5 10. Re1 Bg4 11. h3 Bh5 12. Ne4 1/2-1/2

[Event "i"]
[Site "Novi Sad i"]
[Date "1984.??.??"]
[Round "?"]
[White "Velimirovic, Dragoljub"]
[Black "Nikolic, Zivoslav"]
[Result "0-1"]
[WhiteElo "2500"]
[BlackElo "2420"]
[PlyCount "61"]
[EventDate "1984.??.??"]
[Source "www.chesslib.no"]
[SourceDate "2004.05.04"]

1. e4 e6 2. c4 d5 3. exd5 exd5 4. cxd5 Nf6 5. Nc3 Nxd5 6. Bc4 Nb4 7. Nf3 Nd3+ 8. Kf1 Be7 9. Qe2 Nxc1 10. Rxc1 O-O 11. Re1 Nc6 12. Qe4 Bf6 13. h4 Nd4 14. Ng5 Bf5 15. Qf4 Qd6 16. Qxd6 cxd6 17. Nge4 Be5 18. Nd5 Be6 19. Ng5 b5 20. Ne7+ Kh8 21. Bxe6 fxe6 22. Rc1 Rae8 23. Rc7 Bf6 24. Nc6 Rc8 25. Rxc8 Rxc8 26. Nxd4 Rc1+ 27. Ke2 Rxh1 28. Nxb5 Rxh4 29. Nf7+ Kg8 30. Nfxd6 Ra4 31. Kf3 0-1

[Event "Horgen-B"]
[Site "Horgen"]
[Date "1995.??.??"]
[Round "9"]
[White "Masserey, Yvan"]
[Black "Kindermann, Stefan"]
[Result "1/2-1/2"]
[WhiteElo "2350"]
[BlackElo "2565"]
[PlyCount "76"]
[EventDate "1995.10.??"]
[Source "ChessBase"]

1. e4 e6 2. c4 d5 3. cxd5 exd5 4. exd5 Nf6 5. Nc3 Nxd5 6. Bc4 Nb6 7. Bb3 Nc6 8. Nge2 Bd6 9. d4 O-O 10. O-O Qh4 11. g3 Qh5 12. f3 Bh3 13. Rf2 Rad8 14. Ne4 Be6 15. Bg5 Bxb3 16. Qxb3 Rde8 17. Bf4 Bxf4 18. Nxf4 Qf5 19. Rd1 Rd8 20. d5 Ne5 21. Kg2 Rfe8 22. Rd4 c6 23. Rfd2 h6 24. dxc6 Rxd4 25. Rxd4 Nxc6 26. Rd2 Qa5 27. Rd1 Qe5 28. Ng6 Qc7 29. Nf4 Qe5 30. Ng6 Qc7 31. Nf4 Rd8 32. Nd5 Qe5 33. Ne3 Rxd1 34. Nxd1 Qd4 35. Ne3 Na5 36. Qc3 Qxc3 37. Nxc3 Nac4 38. Nxc4 Nxc4 1/2-1/2

[Event "Corr"]
[Site "?"]
[Date "2000.09.25"]
[Round "?"]
[White "Morais Gustavo Joao F.S.(P"]
[Black "Barnsley Anthony (ENG)"]
[Result "1/2-1/2"]
[WhiteElo "2436"]
[BlackElo "2473"]
[PlyCount "58"]
[EventDate "2000.??.??"]
[Source "www.chesslib.no"]
[SourceDate "2004.05.04"]

1. e4 e6 2. c4 d5 3. exd5 exd5 4. cxd5 Nf6 5. Nc3 Nxd5 6. Bc4 Nb6 7. Bb3 Nc6 8. Nge2 Bd6 9. d4 O-O 10. O-O Qh4 11. g3 Qh5 12. f3 Bh3 13. Rf2 Be6 14. Bf4 Rad8 15. Bxd6 Bxb3 16. Qxb3 Rxd6 17. Rd1 Qa5 18. d5 Ne5 19. Nf4 Nbd7 20. Qb5 Qb6 21. Kg2 Rd8 22. Re2 Ng6 23. Nxg6 hxg6 24. Re7 Kf8 25. Rde1 Qxb5 26. Nxb5 Rxd5 27. Re8+ Rxe8 28. Rxe8+ Kxe8 29. Nxc7+ Ke7 1/2-1/2

[Event "Budapest FS08 GM"]
[Site "Budapest"]
[Date "1999.08.18"]
[Round "12"]
[White "Varga, Zoltan"]
[Black "Berg, Emanuel"]
[Result "0-1"]
[WhiteElo "2541"]
[BlackElo "2348"]
[PlyCount "142"]
[EventDate "1999.08.05"]
[Source "ChessBase"]
[SourceDate "1999.09.14"]

1. e4 e6 2. c4 d5 3. cxd5 exd5 4. exd5 Nf6 5. Bb5+ Nbd7 6. Nc3 Be7 7. Nf3 O-O 8. O-O Nb6 9. d4 Bg4 10. h3 Bh5 11. Re1 Nbxd5 12. g4 Bg6 13. Ne5 c6 14. Bc4 Nxc3 15. bxc3 Nd5 16. Qb3 Rb8 17. Bxd5 cxd5 18. Bf4 Rc8 19. Qxb7 Bg5 20. Bxg5 Qxg5 21. Re3 Be4 22. Rae1 Rb8 23. Qd7 Rb2 24. Rxe4 dxe4 25. Rxe4 Qc1+ 26. Kg2 Qxc3 27. Rf4 Qc8 28. Qxa7 f6 29. Nd3 Rd2 30. Rf3 Qa8 31. Qxa8 Rxa8 32. Nb4 Rxd4 33. a3 Rd1 34. Rb3 Ra1 35. Nc2 Ra2 36. Rc3 Rd8 37. Nb4 Rb2 38. Kf3 Rdd2 39. Nd3 Rdc2 40. Rxc2 Rxc2 41. Kg2 Rc3 42. Nf4 Rxa3 43. h4 g6 44. h5 g5 45. Ne2 Kf7 46. f3 Ke6 47. Kf2 Kd5 48. Ng3 Ke5 49. Ne2 Rb3 50. Nc1 Rc3 51. Ne2 Ra3 52. Ng3 Kd4 53. Nf5+ Kd3 54. h6 Ra2+ 55. Kg3 Ke2 56. Nd4+ Kf1 57. Ne6 Kg1 58. Nc5 Rg2+ 59. Kh3 Rh2+ 60. Kg3 Rxh6 61. Ne4 Kf1 62. f4 gxf4+ 63. Kxf4 Kg2 64. Kf5 Kh3 65. g5 fxg5 66. Kxg5 Re6 67. Nf2+ Kg3 68. Nd3 Rg6+ 69. Kh5 Rd6 70. Nb4 Kf4 71. Nc2 Rd2 0-1

[Event "Independence Cup"]
[Site "?"]
[Date "2003.08.18"]
[Round "6"]
[White "Demkovich Anatoliy"]
[Black "Drozdovskij Yuri"]
[Result "1/2-1/2"]
[WhiteElo "2422"]
[BlackElo "2458"]
[PlyCount "24"]
[EventDate "2003.??.??"]
[Source "www.chesslib.no"]
[SourceDate "2004.05.04"]

1. e4 e6 2. c4 d5 3. exd5 exd5 4. cxd5 Nf6 5. Nc3 Nxd5 6. Nf3 Be7 7. Bc4 Nb6 8. Bb3 O-O 9. d4 Nc6 10. Be3 Nb4 11. O-O N4d5 12. Qd3 Be6 1/2-1/2

[Event "Wuerzburg Open"]
[Site "Wuerzburg"]
[Date "1991.??.??"]
[Round "5"]
[White "Rigo, Janos"]
[Black "Farago, Ivan"]
[Result "0-1"]
[WhiteElo "2385"]
[BlackElo "2495"]
[PlyCount "64"]
[EventDate "1991.??.??"]
[Source "www.chesslib.no"]
[SourceDate "2004.05.04"]

1. e4 e6 2. c4 d5 3. Nc3 dxe4 4. Nxe4 c5 5. Nf3 Nc6 6. Be2 Be7 7. O-O Nf6 8. d3 O-O 9. Be3 b6 10. Qa4 Bb7 11. Rad1 e5 12. Nxf6+ Bxf6 13. Rfe1 Qc7 14. a3 Be7 15. Bd2 a5 16. Bc3 Rad8 17. Bf1 f6 18. h3 Ba8 19. Qb3 Kh8 20. Qa4 Rd7 21. Nh4 g6 22. Nf3 Qb7 23. Nh2 Nd8 24. Ng4 Ne6 25. Rxe5 fxe5 26. Nxe5 Rd4 27. Re1 Bh4 28. Re2 Nf4 29. Re4 Bxf2+ 30. Kxf2 Nxd3+ 31. Kg1 Qxe4 32. Nxd3 Qe3+ 0-1

[Event "New York USA"]
[Site "?"]
[Date "1997.??.??"]
[Round "2"]
[White "Base Alfredo B"]
[Black "Pushkov Nikolai"]
[Result "0-1"]
[WhiteElo "2315"]
[BlackElo "2525"]
[PlyCount "62"]
[EventDate "1997.??.??"]
[Source "www.chesslib.no"]
[SourceDate "2004.05.04"]

1. e4 e6 2. c4 d5 3. exd5 exd5 4. cxd5 Nf6 5. Nc3 Nxd5 6. Bc4 Nb6 7. Bb3 Nc6 8. Nf3 Be7 9. O-O O-O 10. h3 Bf5 11. d4 Bf6 12. Bf4 Rc8 13. d5 Nb4 14. d6 c5 15. Qd2 Bd3 16. Rfe1 c4 17. Ne4 Bxe4 18. Rxe4 a5 19. a3 cxb3 20. axb4 Rc2 21. Qd3 a4 22. Be5 Bxe5 23. Rxe5 Rxb2 24. Rh5 g6 25. Ng5 Rc2 26. Nxh7 gxh5 27. Qf5 b2 28. Nf6+ Qxf6 29. Qxf6 Rc1+ 30. Rxc1 bxc1=Q+ 31. Kh2 Nd5 0-1

[Event "Karl Wagner mem 5th"]
[Site "?"]
[Date "1998.09.06"]
[Round "2.4"]
[White "Nor Igor"]
[Black "Burmakin Vladimir"]
[Result "1/2-1/2"]
[WhiteElo "2280"]
[BlackElo "2560"]
[PlyCount "68"]
[EventDate "1998.??.??"]
[Source "www.chesslib.no"]
[SourceDate "2004.05.04"]

1. e4 e6 2. c4 d5 3. exd5 exd5 4. cxd5 Nf6 5. Bb5+ Nbd7 6. Nc3 Be7 7. Nf3 O-O 8. O-O Nb6 9. h3 Nfxd5 10. d4 Bf5 11. Re1 c6 12. Bf1 Re8 13. Ne5 Bf6 14. g4 Nxc3 15. bxc3 Be6 16. Qc2 Bxe5 17. dxe5 Bc4 18. Bg2 Bd5 19. Bf1 Nc4 20. Bf4 Qc7 21. Qf5 Qa5 22. Bg5 h6 23. Bxh6 gxh6 24. Bd3 Kf8 25. Qf6 Qxc3 26. Qxh6+ Ke7 27. Bxc4 Rad8 28. Qf6+ Kf8 29. Qh6+ Kg8 30. Rac1 Qf3 31. Bxd5 Qxd5 32. Qg5+ Kf8 33. Qh6+ Kg8 34. Qg5+ Kf8 1/2-1/2

[Event "BCF Ch"]
[Site "Norwich ENG"]
[Date "1994.??.??"]
[Round "9"]
[White "Gillani, Tunveer M D"]
[Black "Martin, Andrew D"]
[Result "1/2-1/2"]
[WhiteElo "2405"]
[BlackElo "2435"]
[PlyCount "57"]
[EventDate "1994.08.??"]
[Source "www.chesslib.no"]
[SourceDate "2004.05.04"]

1. e4 e6 2. c4 d5 3. cxd5 exd5 4. exd5 Nf6 5. Bb5+ Nbd7 6. Nc3 Be7 7. Nge2 O-O 8. O-O Nb6 9. d4 Nbxd5 10. Ng3 Bg4 11. Qb3 c6 12. Bc4 Nb6 13. Be3 Nxc4 14. Qxc4 Be6 15. Qa4 Nd5 16. Nxd5 Qxd5 17. Qc2 Rad8 18. b3 Rd7 19. Rac1 Rfd8 20. Rfe1 Qa5 21. Ne4 Bf5 22. f3 h6 23. Qf2 Bxe4 24. fxe4 Bg5 25. Bxg5 Qxg5 26. Rcd1 Qa5 27. Re2 Re8 28. Qf3 f6 29. h3 1/2-1/2

[Event "Kusadasi TUR"]
[Site "?"]
[Date "2006.04.05"]
[Round "2"]
[White "Aleskerov Faik"]
[Black "Narciso Dublan Marc"]
[Result "1/2-1/2"]
[WhiteElo "2309"]
[BlackElo "2525"]
[PlyCount "99"]
[EventDate "2006.??.??"]
[Source "www.chesslib.no"]
[SourceDate "2004.05.04"]

1. e4 e6 2. c4 d5 3. exd5 exd5 4. cxd5 Nf6 5. Nc3 Nxd5 6. Bc4 Nb6 7. Bb3 Nc6 8. Nge2 Bc5 9. Nb5 O-O 10. d4 Bb4+ 11. Nbc3 Bf5 12. O-O Qd7 13. Bf4 Rad8 14. Rc1 Bd6 15. Bxd6 Qxd6 16. Nb5 Qb4 17. Nxc7 Nxd4 18. Nxd4 Rxd4 19. Qe1 Bd7 20. Qxb4 Rxb4 21. Rfd1 Rc8 22. Nd5 Rxc1 23. Nxb4 Rxd1+ 24. Bxd1 Be6 25. Bf3 a5 26. Nd3 Bxa2 27. Bxb7 Bb1 28. Nc5 Kf8 29. Kf1 Ke7 30. Ba6 Ba2 31. Ke2 Bd5 32. Bb7 Kd6 33. Bxd5 Kxd5 34. Nb7 a4 35. Kd3 f5 36. Kc3 g5 37. Nd8 g4 38. Kb4 Nc4 39. b3 axb3 40. Kxb3 Nd2+ 41. Kc2 Ne4 42. Kd3 Nxf2+ 43. Ke3 Ne4 44. Kf4 Nd6 45. h3 h5 46. hxg4 hxg4 47. Kg5 Ke4 48. Kh5 Kf4 49. Ne6+ Kg3 50. Nd4 1/2-1/2

[Event "NRW Ch U18"]
[Site "Buende"]
[Date "1985.??.??"]
[Round "3"]
[White "Buecker, Stefan"]
[Black "Foisor, Ovidiu"]
[Result "0-1"]
[WhiteElo "2400"]
[BlackElo "2430"]
[PlyCount "50"]
[EventDate "1985.04.??"]
[Source "www.chesslib.no"]
[SourceDate "2004.05.04"]

1. e4 e6 2. c4 d5 3. cxd5 exd5 4. Qb3 dxe4 5. Bc4 Qd7 6. d3 Nc6 7. dxe4 Na5 8. Qb5 Nxc4 9. Qxc4 Qe6 10. Qe2 Bb4+ 11. Bd2 Bxd2+ 12. Nxd2 Ne7 13. Ngf3 O-O 14. O-O Ng6 15. Rfc1 Nf4 16. Qe3 Qg4 17. g3 Ne6 18. Rc4 c5 19. e5 Qh5 20. Rh4 Qg6 21. Ne4 b6 22. Nd6 Bd7 23. Rc1 Bc6 24. h3 Rad8 25. Nd2 f6 0-1

[Event "Open"]
[Site "Balaguer"]
[Date "2003.07.18"]
[Round "4"]
[White "Fluvia Poyatos, Joan"]
[Black "Foisor, Cristina"]
[Result "0-1"]
[WhiteElo "2461"]
[BlackElo "2364"]
[PlyCount "120"]
[EventDate "2003.07.14"]
[Source "Roberto Alvarez"]
[SourceDate "2003.08.25"]

1. e4 e6 2. c4 c5 3. Nc3 Nc6 4. g3 a6 5. a4 g6 6. Bg2 Bg7 7. Nge2 Nge7 8. d3 d6 9. O-O O-O 10. Rb1 Rb8 11. Be3 b6 12. d4 Bb7 13. d5 exd5 14. exd5 Ne5 15. b3 Bc8 16. h3 Bf5 17. Ra1 Bd3 18. Be4 Bxe4 19. Nxe4 Nf5 20. Bf4 Re8 21. N2c3 Nd4 22. f3 h6 23. g4 f5 24. Ng3 Rb7 25. Ra2 Rbe7 26. Raf2 g5 27. Bc1 f4 28. Nge4 Ndxf3+ 29. Rxf3 Nxf3+ 30. Qxf3 Bxc3 31. Nxc3 Re3 32. Bxe3 Rxe3 33. Nd1 Rxf3 34. Rxf3 Qe8 35. Nf2 Qe2 36. Kg2 Kg7 37. Rd3 Kf6 38. Rf3 b5 39. axb5 axb5 40. cxb5 Qxb5 41. h4 Qe2 42. hxg5+ hxg5 43. Rc3 Qb2 44. Kf1 Qa1+ 45. Ke2 Ke5 46. Rd3 Qb2+ 47. Kf1 Qc2 48. Ke1 f3 49. Rxf3 Kxd5 50. Rf5+ Kd4 51. Rf3 d5 52. Rg3 c4 53. bxc4 dxc4 54. Rh3 c3 55. Rh8 Qc1+ 56. Ke2 Qe3+ 57. Kf1 c2 58. Rd8+ Kc4 59. Rc8+ Kb3 60. Rb8+ Ka4 0-1

[Event "BCF Ch"]
[Site "Morecambe"]
[Date "1975.08.08"]
[Round "5"]
[White "Horner, Jeff"]
[Black "Clarke, Peter H"]
[Result "0-1"]
[WhiteElo "2450"]
[BlackElo "2350"]
[PlyCount "107"]
[EventDate "1975.08.04"]
[Source "www.chesslib.no"]
[SourceDate "2004.05.04"]

1. e4 e6 2. c4 d5 3. cxd5 exd5 4. e5 d4 5. Nf3 Nc6 6. Bc4 Bc5 7. O-O Bb6 8. Re1 Be6 9. Bxe6 fxe6 10. d3 Qd7 11. Nbd2 Nge7 12. b4 Nxb4 13. Qb3 Nbc6 14. Ng5 Nd5 15. Ba3 h6 16. Nge4 Nc3 17. Nc4 Nxe4 18. Rxe4 O-O-O 19. Rb1 Rhe8 20. Re2 Qf7 21. Qa4 Rd5 22. Rc2 Kb8 23. h3 Red8 24. Re2 Qf5 25. Re4 Nxe5 26. Nxe5 Rxe5 27. Be7 Ra5 28. Qc4 Re8 29. Bb4 Re5 30. Rxe5 Qxe5 31. Re1 Qf5 32. a4 a5 33. Ba3 h5 34. Re4 Kc8 35. Re1 Kd7 36. Rb1 Qd5 37. Qc2 Qc6 38. Qb3 g6 39. Rc1 Qd5 40. Qb2 e5 41. f3 g5 42. Re1 g4 43. fxg4 hxg4 44. hxg4 e4 45. Qf2 exd3 46. Rxe8 Kxe8 47. Qf8+ Kd7 48. Kf1 Qe6 49. Qf5 Qxf5+ 50. gxf5 c5 51. Ke1 c4 52. g4 c3 53. Kd1 Bd8 54. Bc1 0-1

[Event "POR Ch"]
[Site "Portugal"]
[Date "1993.??.??"]
[Round "2"]
[White "Fernandes, Antonio M"]
[Black "Silva, Fernando"]
[Result "1-0"]
[WhiteElo "2460"]
[BlackElo "2335"]
[PlyCount "43"]
[EventDate "1993.??.??"]
[Source "www.chesslib.no"]
[SourceDate "2004.05.04"]

1. e4 e6 2. c4 d5 3. exd5 exd5 4. cxd5 Nf6 5. Nc3 Nxd5 6. Bc4 Nxc3 7. bxc3 Be7 8. d4 O-O 9. Nf3 Nd7 10. O-O c5 11. Re1 Nb6 12. Bb3 cxd4 13. Nxd4 Bc5 14. Qf3 Qh4 15. Re4 Qd8 16. Re5 Bxd4 17. cxd4 Be6 18. d5 Bd7 19. Bb2 Rc8 20. Qf4 a5 21. d6 a4 22. Rg5 1-0

[Event "RUS-Cup5"]
[Site "Ekaterinburg"]
[Date "1997.??.??"]
[Round "7"]
[White "Kalichkin, Igor"]
[Black "Kostenko, Petr"]
[Result "0-1"]
[WhiteElo "2425"]
[BlackElo "2365"]
[PlyCount "58"]
[EventDate "1997.02.13"]
[Source "ChessBase"]

1. e4 e6 2. c4 d5 3. exd5 exd5 4. cxd5 Nf6 5. d4 Bb4+ 6. Nc3 O-O 7. Bc4 Nbd7 8. a3 Nb6 9. Ba2 Bxc3+ 10. bxc3 Nfxd5 11. Ne2 Bg4 12. f3 Re8 13. Kf2 Qh4+ 14. g3 Qf6 15. Bf4 g5 16. fxg4 gxf4 17. Nxf4 Nxf4 18. gxf4 Re4 19. Rf1 Rae8 20. Kg3 Re2 21. Rf3 Rb2 22. Bb1 Ree2 23. Qg1 Qc6 24. h3 Nc4 25. Bd3 Nd2 26. Raf1 Re1 27. Re3 Nxf1+ 28. Bxf1 Rg2+ 29. Qxg2 Rxe3+ 0-1

[Event "HES"]
[Site "?"]
[Date "1998.??.??"]
[Round "9"]
[White "Cicak Slavko"]
[Black "Scherer Max"]
[Result "1-0"]
[WhiteElo "2460"]
[BlackElo "2305"]
[PlyCount "81"]
[EventDate "1998.??.??"]
[Source "www.chesslib.no"]
[SourceDate "2004.05.04"]

1. e4 e6 2. c4 b6 3. Nc3 Bb7 4. a3 c5 5. Nf3 Nc6 6. d4 cxd4 7. Nxd4 Nf6 8. Be2 Bc5 9. Ndb5 Qb8 10. b4 Be7 11. O-O a6 12. Nd4 a5 13. Nxc6 Bxc6 14. b5 Bxe4 15. Nxe4 Nxe4 16. Bf3 Qe5 17. Be3 Bc5 18. Bxc5 bxc5 19. Bxe4 Qxe4 20. Qd6 Qxc4 21. Rfd1 Qxb5 22. Rab1 Qa4 23. Re1 Rd8 24. Rb8 Qc6 25. Rxd8+ Kxd8 26. Qb8+ Qc8 27. Qg3 Rg8 28. Rd1 Qc7 29. Qh4+ Ke8 30. Qxh7 Kf8 31. Rb1 c4 32. Qh4 f6 33. Qh7 d5 34. Re1 e5 35. f4 Qc5+ 36. Kh1 e4 37. Rb1 Qc8 38. Qh5 Qd8 39. Rb7 g6 40. Qh6+ Ke8 41. Qh7 1-0

[Event "Detroit Motor City Open"]
[Site "Detroit, MI USA"]
[Date "1994.??.??"]
[Round "6"]
[White "Men, Boris"]
[Black "Tsemekhman, Vadim"]
[Result "1-0"]
[WhiteElo "2430"]
[BlackElo "2335"]
[PlyCount "97"]
[EventDate "1994.??.??"]
[Source "www.chesslib.no"]
[SourceDate "2004.05.04"]

1. e4 e6 2. c4 d5 3. cxd5 exd5 4. exd5 Qxd5 5. Nc3 Qd8 6. d4 Nf6 7. Nf3 Be7 8. Bc4 O-O 9. h3 Nbd7 10. O-O Nb6 11. Bb3 Nbd5 12. Re1 Nxc3 13. bxc3 c6 14. Qe2 Bd6 15. Bg5 Bc7 16. Ne5 Qd6 17. Qf3 Be6 18. Bxf6 gxf6 19. Qxf6 Bxb3 20. Qxd6 Bxd6 21. axb3 Rfe8 22. Re3 f6 23. Nd7 Kf7 24. Rf3 Re6 25. g3 Rd8 26. Nc5 Bxc5 27. dxc5 a6 28. b4 Re4 29. Kf1 Rd2 30. Re1 Rxe1+ 31. Kxe1 Ra2 32. g4 h6 33. h4 Ke6 34. Rf5 a5 35. bxa5 Rxa5 36. Rh5 Ra1+ 37. Ke2 Ra2+ 38. Ke3 Ra4 39. f3 Rc4 40. Kd2 Rf4 41. Rxh6 Rxf3 42. g5 Rh3 43. Rxf6+ Ke7 44. Rf4 Rg3 45. Rb4 Ke6 46. Rxb7 Kf5 47. Rd7 Ke4 48. Rd4+ Ke5 49. Kc2 1-0

[Event "Paris FRA"]
[Site "?"]
[Date "2000.07.16"]
[Round "2"]
[White "Lode Sebastien"]
[Black "Glek Igor V"]
[Result "0-1"]
[WhiteElo "2207"]
[BlackElo "2553"]
[PlyCount "62"]
[EventDate "2000.??.??"]
[Source "www.chesslib.no"]
[SourceDate "2004.05.04"]

1. e4 e6 2. c4 c5 3. Nf3 Nc6 4. Nc3 e5 5. g3 d6 6. Bg2 Be7 7. d3 f5 8. O-O Nf6 9. Nh4 fxe4 10. dxe4 O-O 11. Nf5 Nd4 12. Nxe7+ Qxe7 13. Bg5 Qf7 14. Bxf6 Qxf6 15. Nd5 Qd8 16. f4 exf4 17. gxf4 Be6 18. Ne3 Qh4 19. f5 Bf7 20. b3 Bh5 21. Qe1 Qg5 22. Kh1 Be2 23. Qf2 Bxf1 24. Rxf1 Rae8 25. Nd5 Kh8 26. h4 Qh6 27. Qf4 Qxf4 28. Rxf4 g6 29. f6 Ne2 30. Rg4 Re5 31. Rg5 Nc1 0-1

[Event "SUI-chT"]
[Site "?"]
[Date "1999.??.??"]
[Round "6.5"]
[White "Costa Jean Luc"]
[Black "Maier Christian"]
[Result "1/2-1/2"]
[WhiteElo "2394"]
[BlackElo "2353"]
[PlyCount "128"]
[EventDate "1999.??.??"]
[Source "www.chesslib.no"]
[SourceDate "2004.05.04"]

1. e4 e6 2. c4 c5 3. Nc3 Nc6 4. Nf3 a6 5. g3 Nge7 6. d4 cxd4 7. Nxd4 Nxd4 8. Qxd4 Nc6 9. Qd3 Ne5 10. Qe2 b5 11. cxb5 axb5 12. Qh5 b4 13. Qxe5 bxc3 14. Qxc3 Ra4 15. Qc2 Bb4+ 16. Bd2 Bxd2+ 17. Kxd2 Rd4+ 18. Ke3 Rb4 19. Qc5 Rxb2 20. Bb5 f6 21. Rhd1 Kf7 22. a4 Qa5 23. Rac1 Kg6 24. Qc3 Rxb5 25. axb5 Qxb5 26. Qd3 Ba6 27. Qxb5 Bxb5 28. Rb1 Bc6 29. f4 Rf8 30. Ra1 Kh5 31. h3 g5 32. fxg5 fxg5 33. Rf1 Rb8 34. Rab1 Ra8 35. Ra1 Rb8 36. Rfb1 Rf8 37. Ra5 Kg6 38. Ra3 h6 39. Raa1 Kg7 40. Rf1 Rb8 41. Rab1 Ra8 42. Ra1 Rb8 43. Rfb1 Rf8 44. Rb3 Kg6 45. Kd4 Rf2 46. Raa3 Rd2+ 47. Rd3 Re2 48. Re3 Rd2+ 49. Ke5 Kf7 50. Rad3 Ra2 51. Kd6 Ra4 52. Rd2 Bxe4 53. Kxd7 h5 54. g4 hxg4 55. hxg4 Bd5 56. Rg3 Kf6 57. Rf2+ Rf4 58. Rh2 Ke5 59. Rh5 Rf7+ 60. Ke8 Rf1 61. Rxg5+ Kf4 62. Rxd5 exd5 63. Rg2 Re1+ 64. Kf7 Kf3 1/2-1/2

[Event "AUS Ch"]
[Site "Melbourne AUS"]
[Date "1991.??.??"]
[Round "1"]
[White "Hacche, David"]
[Black "West, Guy"]
[Result "1-0"]
[WhiteElo "2295"]
[BlackElo "2445"]
[PlyCount "117"]
[EventDate "1991.??.??"]
[Source "www.chesslib.no"]
[SourceDate "2004.05.04"]

1. e4 e6 2. c4 d5 3. exd5 exd5 4. cxd5 Nf6 5. Bb5+ Nbd7 6. Nc3 Be7 7. Nf3 O-O 8. O-O Nb6 9. d4 Bg4 10. Re1 Nbxd5 11. h3 Bh5 12. Bc4 c6 13. Bg5 Qd6 14. Re5 Nxc3 15. bxc3 Bg6 16. Qe2 Bd8 17. Re1 Nd7 18. Re8 Bxg5 19. Rxa8 Rxa8 20. Nxg5 Kf8 21. f4 Nf6 22. f5 Re8 23. Qf2 Rxe1+ 24. Qxe1 Bxf5 25. Nxf7 Qf4 26. Ne5 Be4 27. Bd3 Bxd3 28. Nxd3 Qe4 29. Qg3 Nd5 30. Nc5 Qe7 31. Qb8+ Kf7 32. Nxb7 Qe3+ 33. Kh2 Qxc3 34. Qe5 Qe3 35. Nd8+ Kg6 36. Qd6+ Nf6 37. Nxc6 a6 38. d5 Qe4 39. Ne5+ Kf5 40. Nf3 Qxd5 41. Qxa6 h5 42. Qc8+ Kg6 43. Qc2+ Kf7 44. Qc7+ Kg8 45. a4 g5 46. Qe7 Ne4 47. Qe8+ Kg7 48. Ne5 Kf6 49. Nd7+ Kf5 50. Qe7 g4 51. Qh7+ Kg5 52. h4+ Kxh4 53. Qe7+ Qg5 54. g3+ Nxg3 55. Qxg5+ Kxg5 56. Kxg3 h4+ 57. Kg2 Kf4 58. Nf6 g3 59. a5 1-0

[Event "Budapest FS05 GM"]
[Site "Budapest"]
[Date "1996.??.??"]
[Round "3"]
[White "Berend, Fred"]
[Black "Proehl, Holger"]
[Result "1/2-1/2"]
[WhiteElo "2425"]
[BlackElo "2300"]
[PlyCount "111"]
[EventDate "1996.05.??"]
[Source "ChessBase"]

1. e4 e6 2. c4 d5 3. cxd5 exd5 4. exd5 Nf6 5. Nc3 Nxd5 6. Bc4 Nb6 7. Bb3 Be7 8. Nf3 O-O 9. O-O Bg4 10. d4 Nc6 11. Be3 Nb4 12. h3 Bh5 13. Bf4 c6 14. Re1 Bd6 15. Bxd6 Qxd6 16. Re5 Bg6 17. Qd2 Rfe8 18. Rae1 Rxe5 19. Nxe5 N4d5 20. Ne4 Bxe4 21. Rxe4 Nd7 22. Nxd7 Qxd7 23. Qe1 g6 24. Re5 b6 25. Bxd5 cxd5 26. Re7 Qa4 27. Qe5 Qxa2 28. Kh2 Rf8 29. f4 a5 30. Rd7 a4 31. Rxd5 Qxb2 32. Rb5 Qc3 33. Rxb6 a3 34. Ra6 Rd8 35. Ra4 a2 36. Qe7 Rf8 37. Qa7 Rd8 38. Qb6 Rd7 39. Qb8+ Kg7 40. Qe5+ f6 41. Qe8 Rf7 42. Rxa2 Qxd4 43. Qb8 Qc5 44. Rd2 Qc7 45. Qb4 Qb7 46. Qd4 Qa7 47. Qd5 Qb7 48. Qd3 Re7 49. Qg3 Qc7 50. Qg4 Qc5 51. Qf3 Qe3 52. Qxe3 Rxe3 53. Rd7+ Kg8 54. h4 Ra3 55. g3 Ra2+ 56. Kh3 1/2-1/2

[Event "Open, Coria del Rio ESP"]
[Site "?"]
[Date "2001.??.??"]
[Round "2"]
[White "Hurtado, M."]
[Black "Matamoros Franco, C."]
[Result "0-1"]
[WhiteElo "2255"]
[BlackElo "2465"]
[PlyCount "60"]
[EventDate "2001.??.??"]
[Source "www.chesslib.no"]
[SourceDate "2004.05.04"]

1. e4 e6 2. c4 c5 3. Nc3 Nc6 4. g3 a6 5. Bg2 b5 6. d3 Rb8 7. Nge2 Nge7 8. O-O Ng6 9. f4 Be7 10. b3 O-O 11. Be3 d6 12. e5 Nd4 13. exd6 Qxd6 14. Nxd4 cxd4 15. Ne4 Qd7 16. Bd2 bxc4 17. bxc4 f5 18. Ng5 Bxg5 19. fxg5 Bb7 20. Rf2 Bxg2 21. Rxg2 e5 22. Rb1 e4 23. dxe4 fxe4 24. Re2 Rxb1 25. Qxb1 e3 26. Ba5 Qg4 27. Rb2 Nf4 28. Rb8 Ne2+ 29. Kg2 Qf3+ 30. Kh3 Nf4+ 0-1

[Event "Foxwoods Open"]
[Site "Connecticut USA"]
[Date "2008.03.21"]
[Round "4"]
[White "Aleskerov, Faik"]
[Black "Formanek, Edward W"]
[Result "1-0"]
[WhiteElo "2433"]
[BlackElo "2283"]
[PlyCount "41"]
[EventDate "2008.03.19"]
[Source "www.chesslib.no"]
[SourceDate "2004.05.04"]

1. e4 e6 2. c4 c5 3. Nf3 Nc6 4. Nc3 a6 5. Be2 Nf6 6. O-O Qc7 7. d4 cxd4 8. Nxd4 Nxd4 9. Qxd4 Bd6 10. Kh1 Bc5 11. Qd3 O-O 12. f4 d6 13. a3 Bd7 14. f5 Kh8 15. Bg5 Ng8 16. f6 g6 17. Rf4 e5 18. Nd5 Qc6 19. Rh4 Bf2 20. g3 b5 21. Qf3 1-0